00924nam a2200241Ia 4500003000400000005001700004008004100021020001800062040001800080041000800098082002100106100002800127245011700155250001200272260004500284300002800329650003800357650002900395650003300424942003000457999001900487952017600506OSt20240517144939.0210716s2017 xx 000 0 und d a9780008247652 cAIMIT LIBRARY aeng a374.22 21bNADS aNadella, Satya.9165899 aHit refresh : bquest to rediscover microsoft soul and imagine a better future for everyone /cBy Satya Nadella. a1st ed. aNew DelhibThomson Press India Ltdc2017 axi,272p. ;bHBc24.3 cm aFrom Hyderabad to redmond9165900 aLearning to lead9165901 aFriends or frenemies9165902 2ddccBKe1stk374.22 NADS c210434d210434 00102ddc40708MBAaAIMITbAIMITd2018-03-01g599.00iBill no:4299; Bill dt:2018-02-22l2o374.22 NADSpMBA13002r2026-05-23 00:00:00s2024-11-05v449.25w2021-07-16yBK